000 00750nas a2200253 4500
001 BR9103044
003 BR-BrBNA
005 20231205092040.0
007 ta
008 230509b bl.|||p| |||| 00| 00por d
040 _aBR-BrBNA
_bpor
_cBiblioteca Nacional de Agricultura
041 _a(Pt)
072 _aL40
100 1 _aVicentini, C.A.
100 1 _aOrsi, A.M.
100 1 _aMartins, M.R.F.B.
245 1 _aConsideracoes sobre o desenvolvimento pos-natal do epididimo do hamster (Mesocricretus auratus)
650 _aHAMSTER
650 _aTESTICULO
650 _aANATOMIA ANIMAL
773 0 _tNaturalia (Brazil)
_xISSN 0101-1944
_g(1990), V. 15 p. 35-45
_wBR9103044
909 _a202311
_bLúcia
_c55
_dLúcia Elande
942 _2AGRIS
_n0
_cANA
999 _c128937
_d128937